El estilo gótico en España (Record no. 4379)

MARC details
000 -CABECERA
campo de control de longitud fija 00733nam a2200229 a 4500
001 - NÚMERO DE CONTROL
campo de control BRCA_4678
005 - FECHA Y HORA DE LA ÚLTIMA TRANSACCIÓN
campo de control 20190320204749.0
008 - DATOS DE LONGITUD FIJA--INFORMACIÓN GENERAL
campo de control de longitud fija 011010s1929----sp-a######---#000-0#spa-#
041 ## - CÓDIGO DE LENGUA
Código de lengua del texto/banda sonora o título independiente spa
044 ## - CÓDIGO DEL PAÍS DE LA ENTIDAD EDITORA/PRODUCTORA
Código MARC del país sp
050 #4 - SIGNATURA TOPOGRÁFICA DE LA BIBLIOTECA DEL CONGRESO
Número de clasificación M7103
Número de documento/Ítem .M39 1929
100 1# - ENTRADA PRINCIPAL--NOMBRE DE PERSONA
Nombre de persona Mayer, Augusto L.
9 (RLIN) 11870
245 10 - MENCIÓN DE TÍTULO
Título El estilo gótico en España
Mención de responsabilidad, etc. por Augusto L. Mayer ; traducido del alemán por Felipe Villaverde.
260 ## - PUBLICACIÓN, DISTRIBUCIÓN, ETC.
Lugar de publicación, distribución, etc. Madrid
Nombre del editor, distribuidor, etc. Espasa-Calpe
Fecha de publicación, distribución, etc. 1929
300 ## - DESCRIPCIÓN FÍSICA
Extensión 307 p.
Otras características físicas il., 155 láminas
Dimensiones 28 cm.
500 ## - NOTA GENERAL
Nota general Incluye índice de autores, índice de lugares y materias e índice de figuras
500 ## - NOTA GENERAL
Nota general D51
650 14 - PUNTO DE ACCESO ADICIONAL DE MATERIA--TÉRMINO DE MATERIA
Término de materia o nombre geográfico como elemento de entrada Arte gótico
Subdivisión geográfica España
9 (RLIN) 11871
700 1# - PUNTO DE ACCESO ADICIONAL--NOMBRE DE PERSONA
Nombre de persona Villaverde, Felipe
Término indicativo de función/relación Traductor
9 (RLIN) 11872
902 ## - CATALOGADOR
Iniciales GFM
942 ## - ELEMENTOS DE PUNTO DE ACCESO ADICIONAL (KOHA)
Fuente del sistema de clasificación o colocación Library of Congress Classification
Tipo de ítem Koha Libros
Holdings
Estado de retiro Estado de pérdida Estado dañado No para préstamo Localización permanente Ubicación/localización actual Fecha de adquisición Número de inventario Total de préstamos Signatura topográfica completa Código de barras Fecha visto por última vez Precio válido a partir de Tipo de ítem Koha
El ejemplar forma parte de la colección y puede ser consultado según las políticas vigentes.       Biblioteca del Museo Franz Mayer (Rogerio Casas-Alatriste) Biblioteca del Museo Franz Mayer (Rogerio Casas-Alatriste) 01/10/2010 D51   M7103 .M39 1929 (D51) 4685 22/03/2019 22/03/2019 Libros